[Event "2nd Gujarat Open 2019"]
[Site "Ahmedabad, Gujarat"]
[Date "2019.09.25"]
[Round "6.16"]
[White "Sidhant, Mohapatra"]
[Black "Anustoop Biswas"]
[Result "1-0"]
[WhiteElo "2357"]
[BlackElo "2154"]
[Annotator "NA"]
[PlyCount "109"]
[EventDate "2019.09.22"]
[EventType "swiss"]
[EventCountry "IND"]
[SourceTitle "playchess.com"]
[Source "ChessBase"]
[SourceQuality "1"]
[TimeControl "5400+30"]

1. Nf3 {[%emt 0:00:00]} d5 {[%emt 0:00:00]} 2. c4 {[%emt 0:00:17]} c6 {[%emt 0:02:56]} 3. e3 {[%emt 0:00:09]} Nf6 {[%emt 0:00:33]} 4. Nc3 {[%emt 0:00:09]} e6 {[%emt 0:00:08]} 5. b3 {[%emt 0:00:44]} Nbd7 {[%emt 0:00:14]} 6. Qc2 {[%emt 0:01:02]} Bd6 {[%emt 0:00:12]} 7. d4 {[%emt 0:00:55]} a6 {[%emt 0:10:15]} 8. Be2 {[%emt 0:10:21]} c5 {[%emt 0:03:20]} 9. cxd5 {[%emt 0:02:55]} exd5 {[%emt 0:00:36]} 10. O-O {[%emt 0:02:12]} O-O {[%emt 0:07:40]} 11. Rd1 {[%emt 0:04:18]} b5 {[%emt 0:10:12]} 12. dxc5 {[%emt 0:04:47]} Nxc5 {[%emt 0:00:36]} 13. Ba3 {[%emt 0:02:09]} Bb7 {[%emt 0:15:41]} 14. Nxb5 {[%emt 0:13:27]} axb5 {[%emt 0:10:02]} 15. Bxc5 {[%emt 0:00:41]} Rc8 {[%emt 0:03:24]} 16. b4 {[%emt 0:00:14]} Ne4 {[%emt 0:01:03]} 17. Qb2 {[%emt 0:00:48]} Nxc5 {[%emt 0:15:11]} 18. bxc5 {[%emt 0:01:21]} Rxc5 {[%emt 0:00:32]} 19. a4 {[%emt 0:00:12]} d4 {[%emt 0:04:36]} 20. Qxd4 {[%emt 0:01:54]} Rd5 {[%emt 0:01:22]} 21. Qa7 {[%emt 0:00:09]} Rxd1+ {[%emt 0:09:48]} 22. Rxd1 {[%emt 0:00:02]} Bxf3 {[%emt 0:00:01]} 23. Bxf3 {[%emt 0:00:13]} Bb8 {[%emt 0:00:10]} 24. Rxd8 {[%emt 0:01:27]} Bxa7 {[%emt 0:00:01]} 25. Rd7 {[%emt 0:00:12]} Rc8 {[%emt 0:00:27]} 26. g3 {[%emt 0:00:16]} Bc5 {[%emt 0:01:50]} 27. axb5 {[%emt 0:00:42]} Rb8 {[%emt 0:00:01]} 28. Bc6 {[%emt 0:01:20]} Kf8 {[%emt 0:00:03]} 29. Kf1 {[%emt 0:00:18]} Be7 {[%emt 0:00:18]} 30. Ke2 {[%emt 0:00:17]} f5 {[%emt 0:00:36]} 31. Kf3 {[%emt 0:01:23]} Kf7 {[%emt 0:00:09]} 32. e4 {[%emt 0:01:06]} g6 {[%emt 0:00:47]} 33. exf5 {[%emt 0:01:00]} gxf5 {[%emt 0:00:01]} 34. Ra7 {[%emt 0:00:21]} Kf6 {[%emt 0:01:28]} 35. Bd7 {[%emt 0:00:25]} Bc5 {[%emt 0:00:32]} 36. Ra6+ {[%emt 0:00:06]} Ke7 {[%emt 0:00:49]} 37. Bc6 {[%emt 0:01:02]} Bb6 {[%emt 0:00:44]} 38. Ra4 {[%emt 0:01:04]} Rd8 {[%emt 0:00:25]} 39. Ke2 {[%emt 0:00:15]} Bd4 {[%emt 0:00:54]} 40. Rb4 {[%emt 0:00:36]} Rd6 {[%emt 0:01:20]} 41. Rb3 {[%emt 0:00:29]} Bb6 {[%emt 0:00:12]} 42. Ra3 {[%emt 0:00:32]} Rd8 {[%emt 0:00:09]} 43. Ra6 {[%emt 0:00:46]} Rb8 {[%emt 0:00:02]} 44. h3 {[%emt 0:00:21]} Kd6 {[%emt 0:00:10]} 45. Ra4 {[%emt 0:00:04]} Bd8 {[%emt 0:00:23]} 46. Rd4+ {[%emt 0:00:48]} Ke6 {[%emt 0:00:45]} 47. f4 {[%emt 0:01:39]} Be7 {[%emt 0:00:15]} 48. Bd7+ {[%emt 0:00:05]} Kf7 {[%emt 0:01:25]} 49. Rd5 {[%emt 0:00:06]} Rd8 {[%emt 0:00:30]} 50. b6 {[%emt 0:00:37]} Rb8 {[%emt 0:00:13]} 51. Rb5 {[%emt 0:00:21]} h5 {[%emt 0:00:53]} 52. Bxf5 {[%emt 0:00:28]} Bd6 {[%emt 0:00:10]} 53. b7 {[%emt 0:00:13]} h4 {[%emt 0:00:04]} 54. Bc8 {[%emt 0:00:13]} hxg3 {[%emt 0:00:10]} 55. Kf3 {[%emt 0:00:01]} 1-0

[Event "2nd Gujarat Open 2019"]
[Site "Ahmedabad, Gujarat"]
[Date "2019.09.25"]
[Round "6.17"]
[White "Neelash Saha"]
[Black "Pimpalkhare Vedant"]
[Result "1-0"]
[WhiteElo "2334"]
[BlackElo "2104"]
[Annotator "NA"]
[PlyCount "103"]
[EventDate "2019.09.22"]
[EventType "swiss"]
[EventCountry "IND"]
[SourceTitle "playchess.com"]
[Source "ChessBase"]
[SourceQuality "1"]
[TimeControl "5400+30"]

1. Nf3 {[%emt 0:00:40]} Nf6 {[%emt 0:02:56]} 2. e3 {[%emt 0:00:06]} b6 {[%emt 0:01:01]} 3. c4 {[%emt 0:00:46]} Bb7 {[%emt 0:01:06]} 4. Nc3 {[%emt 0:00:07]} e6 {[%emt 0:00:45]} 5. Be2 {[%emt 0:01:35]} c5 {[%emt 0:01:24]} 6. b3 {[%emt 0:01:54]} Nc6 {[%emt 0:02:42]} 7. O-O {[%emt 0:03:07]} Be7 {[%emt 0:00:23]} 8. d4 {[%emt 0:01:16]} cxd4 {[%emt 0:02:04]} 9. Nxd4 {[%emt 0:00:05]} O-O {[%emt 0:01:41]} 10. Bf3 {[%emt 0:01:06]} a6 {[%emt 0:02:37]} 11. Bb2 {[%emt 0:01:06]} Qc7 {[%emt 0:04:49]} 12. Rc1 {[%emt 0:02:01]} Ne5 {[%emt 0:02:30]} 13. Bxb7 {[%emt 0:03:52]} Qxb7 {[%emt 0:00:06]} 14. Qe2 {[%emt 0:00:03]} d6 {[%emt 0:09:53]} 15. Rfd1 {[%emt 0:02:23]} Rfd8 {[%emt 0:01:59]} 16. e4 Ng6 {[%emt 0:11:37]} 17. Qf3 {[%emt 0:23:07]} Rac8 {[%emt 0:03:10]} 18. Re1 {[%emt 0:02:37]} Rd7 {[%emt 0:08:46]} 19. Rcd1 {[%emt 0:04:03]} Rcd8 {[%emt 0:05:39]} 20. h3 {[%emt 0:05:53]} Ne5 {[%emt 0:05:34]} 21. Qe2 {[%emt 0:05:45]} Ng6 {[%emt 0:03:17]} 22. Nf3 {[%emt 0:04:34]} Nh5 {[%emt 0:05:03]} 23. g3 {[%emt 0:04:04]} Nf6 {[%emt 0:00:56]} 24. h4 {[%emt 0:00:48]} h5 {[%emt 0:01:41]} 25. Ng5 {[%emt 0:05:41]} Ng4 {[%emt 0:02:40]} 26. Nh3 {[%emt 0:08:46]} Bf6 {[%emt 0:01:20]} 27. f3 {[%emt 0:01:13]} N4e5 {[%emt 0:01:09]} 28. Nf2 {[%emt 0:00:24]} b5 {[%emt 0:04:12]} 29. f4 {[%emt 0:01:47]} Nc6 {[%emt 0:02:03]} 30. cxb5 {[%emt 0:00:52]} axb5 {[%emt 0:01:28]} 31. Rd2 {[%emt 0:01:50]} b4 {[%emt 0:05:10]} 32. Na4 {[%emt 0:02:02]} Bxb2 {[%emt 0:00:19]} 33. Rxb2 {[%emt 0:00:07]} Ra8 {[%emt 0:02:33]} 34. Qxh5 {[%emt 0:01:01]} Ra5 {[%emt 0:00:01]} 35. Qg4 {[%emt 0:00:17]} Nge7 {[%emt 0:00:58]} 36. Rd2 {[%emt 0:01:23]} d5 {[%emt 0:02:04]} 37. Red1 {[%emt 0:01:42]} d4 {[%emt 0:00:58]} 38. Nd3 {[%emt 0:00:43]} Rd8 {[%emt 0:00:44]} 39. Rc1 {[%emt 0:01:53]} f5 {[%emt 0:01:12]} 40. Qe2 {[%emt 0:00:18]} e5 {[%emt 0:00:54]} 41. Nac5 {[%emt 0:02:41]} Qa7 {[%emt 0:00:27]} 42. exf5 {[%emt 0:01:49]} Nxf5 {[%emt 0:00:12]} 43. Qe4 {[%emt 0:00:19]} Nce7 {[%emt 0:00:49]} 44. g4 {[%emt 0:01:59]} Nxh4 {[%emt 0:00:32]} 45. Rh2 {[%emt 0:00:09]} Nhg6 {[%emt 0:00:24]} 46. f5 {[%emt 0:00:14]} Nf8 {[%emt 0:00:12]} 47. Nb7 {[%emt 0:01:20]} Qa8 {[%emt 0:00:28]} 48. Qh1 {[%emt 0:00:25]} Ra7 {[%emt 0:00:59]} 49. Rh8+ {[%emt 0:00:20]} Kf7 50. Nxd8+ {[%emt 0:00:15]} Qxd8 {[%emt 0:00:03]} 51. Nxe5+ {[%emt 0:00:34]} Kf6 {[%emt 0:00:10]} 52. Re1 {[%emt 0:00:06]} 1-0

[Event "2nd Gujarat Open 2019"]
[Site "Ahmedabad, Gujarat"]
[Date "2019.09.25"]
[Round "6.18"]
[White "Jay Kundaliya"]
[Black "Souhardo Basak"]
[Result "0-1"]
[WhiteElo "2097"]
[BlackElo "2301"]
[Annotator "NA"]
[PlyCount "150"]
[EventDate "2019.09.22"]
[EventType "swiss"]
[EventCountry "IND"]
[SourceTitle "playchess.com"]
[Source "ChessBase"]
[SourceQuality "1"]
[TimeControl "5400+30"]

1. d4 {[%emt 0:01:03]} Nf6 {[%emt 0:00:00]} 2. c4 {[%emt 0:00:04]} g6 {[%emt 0:00:11]} 3. Nc3 {[%emt 0:00:05]} Bg7 {[%emt 0:00:04]} 4. e4 {[%emt 0:00:26]} d6 {[%emt 0:00:05]} 5. f3 {[%emt 0:01:10]} O-O {[%emt 0:00:13]} 6. Be3 {[%emt 0:00:04]} Nbd7 {[%emt 0:01:23]} 7. Bd3 {[%emt 0:02:44]} c5 {[%emt 0:00:43]} 8. d5 {[%emt 0:05:32]} Ne5 {[%emt 0:00:35]} 9. Nge2 {[%emt 0:10:35]} e6 10. dxe6 {[%emt 0:05:27]} Bxe6 {[%emt 0:04:55]} 11. b3 {[%emt 0:00:51]} b5 {[%emt 0:01:42]} 12. Nxb5 {[%emt 0:21:36]} Nfg4 13. fxg4 {[%emt 0:03:45]} Nxd3+ {[%emt 0:01:33]} 14. Qxd3 {[%emt 0:00:03]} Bxa1 {[%emt 0:00:24]} 15. O-O {[%emt 0:15:18]} Be5 {[%emt 0:00:09]} 16. h3 {[%emt 0:00:05]} Qd7 {[%emt 0:07:52]} 17. Bh6 {[%emt 0:01:44]} Rfe8 {[%emt 0:03:15]} 18. Bg5 {[%emt 0:00:25]} h6 {[%emt 0:11:41]} 19. Bxh6 {[%emt 0:04:53]} f6 {[%emt 0:00:40]} 20. Bf4 {[%emt 0:00:13]} Rad8 {[%emt 0:05:21]} 21. Nbc3 {[%emt 0:09:46]} Kg7 {[%emt 0:05:03]} 22. Be3 {[%emt 0:04:10]} g5 {[%emt 0:01:35]} 23. Rf3 {[%emt 0:01:51]} Bf7 {[%emt 0:02:27]} 24. Nd1 {[%emt 0:03:46]} Bg6 {[%emt 0:00:15]} 25. Nf2 {[%emt 0:00:04]} Qb7 {[%emt 0:00:38]} 26. Bd2 {[%emt 0:00:57]} Re6 {[%emt 0:02:34]} 27. Bc3 {[%emt 0:00:49]} Rd7 {[%emt 0:01:29]} 28. g3 {[%emt 0:02:08]} Re8 {[%emt 0:01:01]} 29. Kg2 {[%emt 0:00:16]} Red8 {[%emt 0:00:25]} 30. Qe3 {[%emt 0:00:54]} a5 31. h4 {[%emt 0:00:57]} gxh4 {[%emt 0:11:12]} 32. gxh4 {[%emt 0:00:02]} Re8 {[%emt 0:01:02]} 33. h5 {[%emt 0:01:19]} Bh7 {[%emt 0:00:05]} 34. Ng3 {[%emt 0:01:11]} Rde7 {[%emt 0:02:20]} 35. g5 {[%emt 0:00:53]} fxg5 {[%emt 0:00:40]} 36. Qxg5+ {[%emt 0:00:50]} Kh8 {[%emt 0:00:02]} 37. h6 {[%emt 0:00:48]} Bxc3 {[%emt 0:00:38]} 38. Rxc3 {[%emt 0:00:09]} Re6 {[%emt 0:00:16]} 39. Rf3 {[%emt 0:01:05]} Rg8 {[%emt 0:00:27]} 40. Qd2 {[%emt 0:00:11]} Bxe4 {[%emt 0:00:46]} 41. Nfxe4 {[%emt 0:01:30]} Qxe4 {[%emt 0:00:13]} 42. Kf2 {[%emt 0:00:13]} Qe5 {[%emt 0:00:42]} 43. Qxa5 {[%emt 0:00:55]} Qb2+ {[%emt 0:00:21]} 44. Kf1 {[%emt 0:00:11]} Qc1+ {[%emt 0:01:09]} 45. Kf2 {[%emt 0:00:20]} Qb2+ {[%emt 0:01:16]} 46. Kf1 {[%emt 0:00:11]} Qc1+ {[%emt 0:00:43]} 47. Kf2 {[%emt 0:00:06]} Rxh6 {[%emt 0:00:04]} 48. Qc3+ {[%emt 0:00:07]} Qxc3 {[%emt 0:00:02]} 49. Rxc3 {[%emt 0:00:02]} Rh2+ {[%emt 0:00:13]} 50. Kf3 {[%emt 0:00:07]} Rxa2 {[%emt 0:00:12]} 51. Rd3 {[%emt 0:00:31]} Rg6 {[%emt 0:00:35]} 52. Nf5 {[%emt 0:00:53]} Rf6 {[%emt 0:00:20]} 53. Ke4 {[%emt 0:00:22]} Re2+ {[%emt 0:00:41]} 54. Re3 {[%emt 0:00:28]} Rf2 {[%emt 0:02:02]} 55. Rh3+ {[%emt 0:01:28]} Kg8 {[%emt 0:00:01]} 56. Ne7+ {[%emt 0:00:08]} Kf7 {[%emt 0:00:11]} 57. Nd5 {[%emt 0:00:10]} Re6+ {[%emt 0:02:24]} 58. Kd3 {[%emt 0:00:07]} Ree2 {[%emt 0:01:28]} 59. Rh7+ {[%emt 0:00:44]} Kg6 {[%emt 0:00:26]} 60. Rd7 {[%emt 0:00:34]} Re6 {[%emt 0:00:12]} 61. Nc7 {[%emt 0:01:56]} Ree2 {[%emt 0:02:28]} 62. Rxd6+ {[%emt 0:00:27]} Kf5 {[%emt 0:00:08]} 63. Nd5 {[%emt 0:00:34]} Ke5 {[%emt 0:00:42]} 64. Rc6 {[%emt 0:00:47]} Rd2+ {[%emt 0:00:39]} 65. Kc3 {[%emt 0:00:10]} Rc2+ {[%emt 0:00:52]} 66. Kd3 {[%emt 0:00:01]} Rfd2+ {[%emt 0:01:10]} 67. Ke3 {[%emt 0:00:02]} Rh2 {[%emt 0:01:17]} 68. Kd3 {[%emt 0:00:06]} Rb2 {[%emt 0:01:02]} 69. Kc3 {[%emt 0:00:06]} Rhc2+ {[%emt 0:02:35]} 70. Kd3 {[%emt 0:00:01]} Rc1 {[%emt 0:00:41]} 71. Rxc5 {[%emt 0:00:51]} Rxb3+ {[%emt 0:00:01]} 72. Kd2 {[%emt 0:00:01]} Rh1 {[%emt 0:00:02]} 73. Rc7 {[%emt 0:02:34]} Kd4 {[%emt 0:00:14]} 74. Kc2 {[%emt 0:01:00]} Rhb1 {[%emt 0:00:02]} 75. Nc3 {[%emt 0:00:56]} R3b2# {[%emt 0:00:03]} 0-1

[Event "2nd Gujarat Open 2019"]
[Site "Ahmedabad, Gujarat"]
[Date "2019.09.25"]
[Round "6.19"]
[White "Srija, Seshadri"]
[Black "Thanki, Hemal Karsanji"]
[Result "0-1"]
[WhiteElo "2270"]
[BlackElo "2098"]
[Annotator "NA"]
[PlyCount "121"]
[EventDate "2019.09.22"]
[EventType "swiss"]
[EventCountry "IND"]
[SourceTitle "playchess.com"]
[Source "ChessBase"]
[SourceQuality "1"]
[TimeControl "5400+30"]

1. e4 {[%emt 0:00:00]} c6 {[%emt 0:00:00]} 2. d4 {[%emt 0:00:00]} g6 {[%emt 0:00:00]} 3. Nc3 {[%emt 0:00:32]} d6 {[%emt 0:00:00]} 4. f4 {[%emt 0:00:15]} d5 {[%emt 0:00:00]} 5. e5 {[%emt 0:00:33]} h5 {[%emt 0:00:00]} 6. Nf3 {[%emt 0:01:13]} Nh6 {[%emt 0:00:07]} 7. Be3 {[%emt 0:01:55]} Qb6 {[%emt 0:02:44]} 8. Na4 {[%emt 0:02:32]} Qa5+ {[%emt 0:00:03]} 9. c3 {[%emt 0:00:12]} Bg4 {[%emt 0:00:56]} 10. Be2 {[%emt 0:03:36]} e6 11. Nc5 {[%emt 0:02:20]} Nf5 {[%emt 0:13:11]} 12. Bf2 {[%emt 0:00:57]} Nd7 {[%emt 0:02:15]} 13. b4 {[%emt 0:05:43]} Qc7 {[%emt 0:00:41]} 14. h3 {[%emt 0:06:44]} Bxf3 {[%emt 0:00:15]} 15. Bxf3 {[%emt 0:00:01]} h4 {[%emt 0:00:26]} 16. O-O {[%emt 0:02:45]} Nxc5 {[%emt 0:02:30]} 17. dxc5 {[%emt 0:00:16]} Bh6 {[%emt 0:00:26]} 18. Qc1 {[%emt 0:01:57]} f6 {[%emt 0:00:29]} 19. Bd4 {[%emt 0:11:45]} fxe5 {[%emt 0:00:25]} 20. Bxe5 {[%emt 0:00:07]} Qxe5 {[%emt 0:00:06]} 21. fxe5 {[%emt 0:00:11]} Bxc1 {[%emt 0:00:03]} 22. Raxc1 {[%emt 0:00:22]} a5 {[%emt 0:14:35]} 23. a3 {[%emt 0:02:23]} Kd7 {[%emt 0:02:50]} 24. Bg4 {[%emt 0:03:55]} axb4 {[%emt 0:03:02]} 25. axb4 {[%emt 0:00:05]} Rhf8 {[%emt 0:05:24]} 26. Rfe1 {[%emt 0:11:06]} Ra2 {[%emt 0:01:59]} 27. c4 {[%emt 0:01:51]} Rb2 {[%emt 0:02:59]} 28. b5 {[%emt 0:03:06]} Ra8 {[%emt 0:05:10]} 29. cxd5 {[%emt 0:09:11]} exd5 {[%emt 0:01:53]} 30. bxc6+ {[%emt 0:10:11]} bxc6 {[%emt 0:00:19]} 31. Ra1 {[%emt 0:01:58]} Rxa1 {[%emt 0:03:20]} 32. Rxa1 {[%emt 0:00:01]} Rc2 {[%emt 0:00:16]} 33. Ra7+ {[%emt 0:00:20]} Ke6 {[%emt 0:00:05]} 34. Rg7 {[%emt 0:00:18]} Kxe5 {[%emt 0:03:25]} 35. Rxg6 {[%emt 0:00:05]} Ng3 {[%emt 0:13:03]} 36. Rxc6 {[%emt 0:01:51]} Kd4 {[%emt 0:00:03]} 37. Bd1 {[%emt 0:03:04]} Rc1 {[%emt 0:02:11]} 38. Kf2 {[%emt 0:00:14]} Rxd1 {[%emt 0:00:08]} 39. Kf3 {[%emt 0:00:03]} Ne4 {[%emt 0:02:32]} 40. Rh6 {[%emt 0:01:17]} Rd3+ {[%emt 0:05:00]} 41. Kf4 {[%emt 0:00:21]} Rg3 {[%emt 0:02:55]} 42. Rxh4 {[%emt 0:01:23]} Rxg2 {[%emt 0:00:05]} 43. c6 {[%emt 0:00:12]} Rf2+ {[%emt 0:00:20]} 44. Kg4 {[%emt 0:00:06]} Rc2 {[%emt 0:00:08]} 45. Rh6 {[%emt 0:00:06]} Ke5 {[%emt 0:01:17]} 46. Rh5+ {[%emt 0:00:58]} Ke6 {[%emt 0:01:26]} 47. Rh6+ {[%emt 0:00:16]} Ke5 {[%emt 0:04:21]} 48. Rh5+ {[%emt 0:00:08]} Kd6 {[%emt 0:00:02]} 49. Rh6+ {[%emt 0:00:07]} Kc7 {[%emt 0:00:08]} 50. Kf4 {[%emt 0:00:25]} Rxc6 {[%emt 0:00:12]} 51. Rh8 {[%emt 0:00:22]} Re6 {[%emt 0:02:17]} 52. h4 {[%emt 0:01:30]} Nd6 {[%emt 0:03:31]} 53. h5 {[%emt 0:02:20]} Re4+ {[%emt 0:00:05]} 54. Kf3 {[%emt 0:00:12]} Kd7 {[%emt 0:00:37]} 55. h6 {[%emt 0:03:09]} Nf7 {[%emt 0:00:14]} 56. Ra8 {[%emt 0:00:28]} Rh4 {[%emt 0:02:26]} 57. Kg3 {[%emt 0:00:43]} Rxh6 {[%emt 0:00:06]} 58. Kf4 {[%emt 0:00:03]} Rf6+ {[%emt 0:01:46]} 59. Ke3 {[%emt 0:00:07]} Kd6 {[%emt 0:00:57]} 60. Ra7 {[%emt 0:00:34]} Ne5 {[%emt 0:00:25]} 61. Kd4 0-1

[Event "2nd Gujarat Open 2019"]
[Site "Ahmedabad, Gujarat"]
[Date "2019.09.25"]
[Round "6.20"]
[White "Anadkat Kartavya"]
[Black "Gandhi, Anish"]
[Result "1/2-1/2"]
[WhiteElo "2088"]
[BlackElo "2201"]
[Annotator "NA"]
[PlyCount "117"]
[EventDate "2019.09.22"]
[EventType "swiss"]
[EventCountry "IND"]
[SourceTitle "playchess.com"]
[Source "ChessBase"]
[SourceQuality "1"]
[TimeControl "5400+30"]

1. e4 {[%emt 0:00:00]} c5 {[%emt 0:04:32]} 2. Nf3 {[%emt 0:00:00]} d6 {[%emt 0:00:10]} 3. d4 {[%emt 0:00:00]} cxd4 {[%emt 0:00:15]} 4. Nxd4 {[%emt 0:00:00]} Nf6 {[%emt 0:00:03]} 5. Nc3 {[%emt 0:00:00]} a6 {[%emt 0:00:02]} 6. Bg5 {[%emt 0:00:00]} Nbd7 {[%emt 0:00:08]} 7. Qe2 {[%emt 0:00:44]} g6 {[%emt 0:04:07]} 8. f4 {[%emt 0:00:42]} e5 {[%emt 0:02:08]} 9. fxe5 {[%emt 0:00:54]} dxe5 {[%emt 0:00:17]} 10. O-O-O {[%emt 0:02:49]} Qc7 {[%emt 0:02:44]} 11. Nf3 {[%emt 0:07:38]} Bg7 {[%emt 0:01:26]} 12. Nd5 {[%emt 0:09:29]} Nxd5 {[%emt 0:00:40]} 13. exd5 {[%emt 0:00:01]} Qd6 {[%emt 0:00:23]} 14. Nd2 {[%emt 0:06:17]} f5 {[%emt 0:04:32]} 15. Nc4 {[%emt 0:06:36]} Qc5 {[%emt 0:01:33]} 16. g4 {[%emt 0:04:33]} O-O {[%emt 0:05:02]} 17. gxf5 {[%emt 0:00:58]} gxf5 {[%emt 0:00:05]} 18. Bh3 {[%emt 0:04:26]} b5 {[%emt 0:17:30]} 19. Na5 {[%emt 0:06:26]} e4 {[%emt 0:02:28]} 20. Nc6 {[%emt 0:01:27]} Nf6 {[%emt 0:00:15]} 21. Be3 {[%emt 0:11:20]} Qd6 {[%emt 0:02:58]} 22. Rhg1 {[%emt 0:01:39]} Rf7 {[%emt 0:02:52]} 23. Qd2 {[%emt 0:11:19]} Bd7 {[%emt 0:05:43]} 24. Bf4 {[%emt 0:06:13]} Qxd5 {[%emt 0:05:43]} 25. Qxd5 {[%emt 0:01:29]} Nxd5 {[%emt 0:00:04]} 26. Rxd5 {[%emt 0:00:05]} Bxc6 {[%emt 0:00:04]} 27. Rd6 {[%emt 0:01:20]} Bd7 {[%emt 0:00:56]} 28. Rd5 {[%emt 0:00:30]} Bc6 {[%emt 0:00:04]} 29. Rd6 {[%emt 0:00:30]} Rc8 {[%emt 0:06:09]} 30. Be5 {[%emt 0:01:51]} e3 {[%emt 0:02:34]} 31. Bxf5 {[%emt 0:07:20]} Rxf5 {[%emt 0:00:29]} 32. Bxg7 {[%emt 0:00:21]} Kf7 {[%emt 0:00:18]} 33. Bh6 {[%emt 0:02:05]} Ke7 {[%emt 0:06:05]} 34. Rd4 {[%emt 0:03:37]} e2 {[%emt 0:02:27]} 35. Kd2 {[%emt 0:01:05]} Bf3 {[%emt 0:04:24]} 36. c3 {[%emt 0:00:29]} Bh5 {[%emt 0:01:14]} 37. Re1 {[%emt 0:02:42]} Bf3 {[%emt 0:00:00]} 38. Rg1 {[%emt 0:00:00]} Bh5 {[%emt 0:01:00]} 39. Re1 {[%emt 0:01:00]} Rf1 {[%emt 0:01:58]} 40. Bg5+ {[%emt 0:00:05]} Ke6 {[%emt 0:00:18]} 41. Bh4 {[%emt 0:00:04]} Rc4 {[%emt 0:04:51]} 42. Rxc4 {[%emt 0:01:20]} bxc4 {[%emt 0:00:01]} 43. b3 {[%emt 0:00:43]} Kd5 {[%emt 0:00:08]} 44. Bg3 {[%emt 0:00:50]} Bg4 {[%emt 0:00:34]} 45. Bh4 {[%emt 0:00:13]} Kc5 {[%emt 0:02:56]} 46. Be7+ {[%emt 0:00:25]} Kd5 {[%emt 0:01:16]} 47. Bh4 {[%emt 0:00:01]} Rf3 {[%emt 0:00:08]} 48. Kxe2 {[%emt 0:01:23]} cxb3 {[%emt 0:00:58]} 49. axb3 {[%emt 0:00:51]} Rxc3+ {[%emt 0:00:06]} 50. Kd2 {[%emt 0:00:31]} Rxb3 {[%emt 0:00:07]} 51. Bg3 {[%emt 0:00:05]} Ra3 {[%emt 0:00:45]} 52. Kc2 {[%emt 0:00:52]} h5 {[%emt 0:00:32]} 53. Kb2 {[%emt 0:00:09]} Ra4 {[%emt 0:00:32]} 54. Kb3 {[%emt 0:00:33]} Rd4 {[%emt 0:00:27]} 55. Ra1 {[%emt 0:00:16]} Be2 {[%emt 0:00:25]} 56. Rc1 {[%emt 0:01:02]} Ke4 {[%emt 0:00:11]} 57. Rc5 {[%emt 0:00:25]} Kd3 {[%emt 0:01:21]} 58. Rc6 {[%emt 0:00:30]} a5 {[%emt 0:00:38]} 59. Rd6 {[%emt 0:00:15]} 1/2-1/2

[Event "2nd Gujarat Open 2019"]
[Site "Ahmedabad, Gujarat"]
[Date "2019.09.25"]
[Round "6.21"]
[White "Pandey Srishti"]
[Black "Patil, Pratik"]
[Result "1/2-1/2"]
[WhiteElo "1928"]
[BlackElo "2187"]
[Annotator "NA"]
[PlyCount "43"]
[EventDate "2019.09.22"]
[EventType "swiss"]
[EventCountry "IND"]
[SourceTitle "playchess.com"]
[Source "ChessBase"]
[SourceQuality "1"]
[TimeControl "5400+30"]

1. d4 {[%emt 0:00:00]} Nf6 {[%emt 0:00:00]} 2. c4 {[%emt 0:00:00]} g6 {[%emt 0:00:00]} 3. Nc3 {[%emt 0:00:00]} d5 {[%emt 0:00:00]} 4. Nf3 {[%emt 0:00:00]} Bg7 {[%emt 0:00:00]} 5. Bf4 {[%emt 0:00:05]} O-O {[%emt 0:00:11]} 6. e3 {[%emt 0:00:03]} c5 {[%emt 0:04:34]} 7. dxc5 {[%emt 0:00:08]} Qa5 {[%emt 0:07:05]} 8. Rc1 {[%emt 0:00:14]} dxc4 {[%emt 0:09:24]} 9. Bxc4 {[%emt 0:00:21]} Nc6 {[%emt 0:03:13]} 10. O-O {[%emt 0:00:24]} Qxc5 {[%emt 0:01:01]} 11. Bb3 {[%emt 0:00:04]} Qa5 {[%emt 0:01:48]} 12. h3 {[%emt 0:00:10]} Bf5 {[%emt 0:10:47]} 13. Qe2 Ne4 {[%emt 0:00:17]} 14. Nd5 {[%emt 0:00:52]} e5 {[%emt 0:02:02]} 15. Rxc6 {[%emt 0:00:03]} exf4 {[%emt 0:04:57]} 16. Rcc1 {[%emt 0:12:58]} fxe3 {[%emt 0:03:52]} 17. Nxe3 {[%emt 0:00:14]} Rfe8 {[%emt 0:05:18]} 18. Rcd1 {[%emt 0:12:50]} Nc5 {[%emt 0:12:25]} 19. Bd5 {[%emt 0:03:36]} Be6 {[%emt 0:02:14]} 20. Ng5 {[%emt 0:08:05]} Bxd5 {[%emt 0:16:17]} 21. Rxd5 {[%emt 0:04:44]} Qb6 {[%emt 0:00:34]} 22. Qc4 1/2-1/2

[Event "2nd Gujarat Open 2019"]
[Site "Ahmedabad, Gujarat"]
[Date "2019.09.25"]
[Round "6.22"]
[White "Siddharth, Jagadeesh"]
[Black "Kumar, Gaurav"]
[Result "1-0"]
[WhiteElo "2362"]
[BlackElo "2096"]
[Annotator "NA"]
[PlyCount "67"]
[EventDate "2019.09.22"]
[EventType "swiss"]
[EventCountry "IND"]
[SourceTitle "playchess.com"]
[Source "ChessBase"]
[SourceQuality "1"]
[TimeControl "5400+30"]

1. Nf3 {[%emt 0:02:53]} d5 {[%emt 0:00:00]} 2. d4 {[%emt 0:00:10]} Nf6 {[%emt 0:00:00]} 3. c4 {[%emt 0:00:09]} e6 {[%emt 0:00:00]} 4. g3 {[%emt 0:00:10]} Be7 {[%emt 0:00:42]} 5. Bg2 {[%emt 0:00:08]} O-O {[%emt 0:00:02]} 6. Nc3 {[%emt 0:00:11]} dxc4 {[%emt 0:02:05]} 7. Ne5 {[%emt 0:00:06]} c5 {[%emt 0:01:26]} 8. dxc5 {[%emt 0:00:07]} Qxd1+ {[%emt 0:04:59]} 9. Nxd1 {[%emt 0:00:37]} Bxc5 {[%emt 0:04:02]} 10. Nc3 {[%emt 0:00:08]} Nc6 {[%emt 0:00:42]} 11. Nxc4 {[%emt 0:00:07]} Nd4 {[%emt 0:05:19]} 12. O-O {[%emt 0:03:29]} Bb4 {[%emt 0:00:14]} 13. e3 {[%emt 0:03:51]} Bxc3 {[%emt 0:02:36]} 14. bxc3 {[%emt 0:00:40]} Ne2+ {[%emt 0:00:13]} 15. Kh1 {[%emt 0:00:13]} Nxc1 {[%emt 0:06:52]} 16. Rfxc1 {[%emt 0:04:23]} Rb8 {[%emt 0:00:53]} 17. Na5 {[%emt 0:12:01]} b5 {[%emt 0:01:42]} 18. Nc6 {[%emt 0:21:25]} Rb6 {[%emt 0:01:01]} 19. Nxa7 {[%emt 0:03:28]} Bb7 {[%emt 0:00:17]} 20. Rab1 {[%emt 0:01:42]} Ra8 {[%emt 0:10:59]} 21. Nxb5 {[%emt 0:02:48]} Rxa2 {[%emt 0:03:20]} 22. c4 {[%emt 0:02:54]} Ng4 {[%emt 0:04:51]} 23. Bxb7 Nxf2+ {[%emt 0:00:43]} 24. Kg1 {[%emt 0:08:01]} Nh3+ {[%emt 0:00:44]} 25. Kf1 {[%emt 0:01:42]} Rxb7 {[%emt 0:01:07]} 26. c5 {[%emt 0:00:35]} Rf2+ {[%emt 0:11:03]} 27. Ke1 {[%emt 0:00:28]} Rxh2 {[%emt 0:00:07]} 28. c6 {[%emt 0:01:05]} Ng5 {[%emt 0:01:24]} 29. Rc4 {[%emt 0:08:37]} Rc7 {[%emt 0:04:52]} 30. Nxc7 {[%emt 0:00:00]} Rh1+ {[%emt 0:00:30]} 31. Ke2 {[%emt 0:00:00]} Rxb1 {[%emt 0:00:30]} 32. Na6 {[%emt 0:00:00]} Rb2+ {[%emt 0:00:30]} 33. Kd1 {[%emt 0:00:00]} Nh3 {[%emt 0:00:30]} 34. Kc1 {[%emt 0:00:00]} 1-0

[Event "2nd Gujarat Open 2019"]
[Site "Ahmedabad, Gujarat"]
[Date "2019.09.25"]
[Round "6.23"]
[White "Satkar, Chirag"]
[Black "Nitin, S.."]
[Result "0-1"]
[WhiteElo "2052"]
[BlackElo "2361"]
[Annotator "NA"]
[PlyCount "76"]
[EventDate "2019.09.22"]
[EventType "swiss"]
[EventCountry "IND"]
[SourceTitle "playchess.com"]
[Source "ChessBase"]
[SourceQuality "1"]
[TimeControl "5400+30"]

1. d4 c5 2. d5 d6 3. c4 g6 4. Nc3 Bg7 5. e4 a6 6. Nf3 e6 7. h3 Ne7 8. Bd3 O-O 9. dxe6 fxe6 10. O-O Nbc6 11. Bg5 h6 12. Be3 Nd4 13. Nh2 e5 14. Qd2 Kh7 15. f4 exf4 16. Bxf4 Nec6 17. Kh1 Be6 18. Nd5 Ne5 19. Rad1 b5 20. b3 Rb8 21. Rf2 Qd7 22. Rdf1 bxc4 23. Bxc4 Nxc4 24. bxc4 Bxd5 25. exd5 Nf5 26. Nf3 Rb4 27. Qd3 Qa4 28. Rc1 Bb2 29. Rcc2 Qxa2 30. g4 Rb3 31. Qd2 Qb1+ 32. Ng1 Ng3+ 33. Kg2 Ne4 34. Qe2 Nxf2 35. Qe7+ Bg7 36. Rxf2 Rb7 37. Qxd6 Qe4+ 38. Kg3 g5 0-1